Virtual justice (Record no. 86450)
[ view plain ]
| 000 -LEADER | |
|---|---|
| fixed length control field | 01467nam a2200349 a 4500 |
| 082 04 - DEWEY DECIMAL CLASSIFICATION NUMBER | |
| Classification number | 343.09/944 |
| 100 1# - MAIN ENTRY--AUTHOR NAME | |
| Personal name | Lastowka, F. Gregory. |
| 245 10 - TITLE STATEMENT | |
| Title | Virtual justice |
| 260 ## - PUBLICATION, DISTRIBUTION, ETC. (IMPRINT) | |
| Place of publication | New Haven : |
| Name of publisher | Yale University Press, |
| Year of publication | c2010. |
| 300 ## - PHYSICAL DESCRIPTION | |
| Number of Pages | xiii, 226 p. |
| 505 0# - FORMATTED CONTENTS NOTE | |
| Formatted contents note | Law -- History -- Landscape -- Regulation -- Jurisdiction -- Games -- Property -- Hackers -- Copyright -- Conclusion. |
| 650 #0 - SUBJECT ADDED ENTRY--TOPICAL TERM | |
| Topical Term | Shared virtual environments |
| Topical Term | Intellectual property. |
| 856 40 - ELECTRONIC LOCATION AND ACCESS | |
| Uniform Resource Identifier | http://site.ebrary.com/lib/rucke/Doc?id=10579318 |
No items available.
